| 000 | 00691nam a2200253Ia 4500 | ||
|---|---|---|---|
| 003 | OSt | ||
| 005 | 20220918105601.0 | ||
| 006 | a|||||r|||| 00| 0 | ||
| 007 | ta | ||
| 008 | 220915b |||||||| |||| 00| 0 ara d | ||
| 020 | _a9770218308 | ||
| 024 | _a271886 | ||
| 037 | _cReference Collections | ||
| 040 |
_aARTS _cARTS _bara |
||
| 041 |
_2ara _aara |
||
| 082 | _aO28v541,E, M6(RR) | ||
| 100 |
_aHaikal Ahmad Au. _92410 |
||
| 245 | 0 | _aAl adab-al-undilsi | |
| 260 |
_aCairo _bDar-al-ma'arif Egypt _c1986 |
||
| 300 | _a416p. | ||
| 650 | _aARABIC LITERATURE | ||
| 942 |
_hO28v541,E, M6(RR) _cREF |
||
| 999 |
_c108240 _d108240 |
||